Les pilotes Jordan en Formule 1 - Statistiques

Statistiques générales
  • Ce quiz a été pris 267 fois
    145 depuis la dernière actualisation
  • Le résultat moyen est 14 sur 30
Statistiques - réponses
Nb de Grands Prix Saisons Nationalité Pilote % Correct
1 1991 Allemagne Michael Schumacher
96%
33 1997-1998 Allemagne Ralf Schumacher
95%
49 1997, 2002-2003 Italie Giancarlo Fisichella
76%
64 1993-1996 Brésil Rubens Barrichello
76%
34 2000-2001 Italie Jarno Trulli
72%
43 1999-2001 Allemagne Heinz-Harald Frentzen
70%
32 1998-1999 Royaume-Uni Damon Hill
69%
5 2001 France Jean Alesi
67%
17 2002 Japon Takuma Sato
67%
31 1993-1995 Royaume-Uni Eddie Irvine
57%
19 2005 Portugal Tiago Monteiro
57%
18 2004 Allemagne Nick Heidfeld
55%
10 1993 Belgique Thierry Boutsen
52%
19 2005 Inde Narain Karthikeyan
50%
1 1994 Japon Aguri Suzuki
44%
16 1996 Royaume-Uni Martin Brundle
43%
2 2003 Hongrie Zsolt Baumgartner
38%
10 1991 France Bertrand Gachot
36%
2 1991 Brésil Roberto Moreno
36%
2 2001 Brésil Ricardo Zonta
34%
4 2004 Allemagne Timo Glock
33%
17 1991 ; 1994 Italie Andrea de Cesaris
31%
14 2003 Irlande Ralph Firman
30%
14 2004 Italie Giorgio Pantano
25%
1 1993 Italie Ivan Capelli
20%
3 1991 Italie Alessandro Zanardi
19%
16 1992 Brésil Mauricio Gugelmin
18%
1 1993 Italie Marco Apicella
15%
12 1992 Italie Stefano Modena
15%
1 1993 Italie Emanuele Naspetti
12%
Aucun quiz correspondant
Distribution des résultats
% des personnes avec chaque résultat
Percentile par nombre de réponses
Votre historique - résultats
Vous n’avez pas pris ce quiz depuis la dernière actualisation